Квиз о старом Египту - Statistics

General Stats
  • This quiz has been taken 72 times
  • The average score is 12 of 20
Answer Stats
Траг Одговор % Correct
Египат је „дар” ове реке Нил
98%
Бог Сунца Ра
97%
Материјал сличан папиру Папирус
92%
Његова гробница је откривена 1922. Тутанкамон
92%
Систем писања заснован на симболима Хијероглифи
91%
Очувано људско тело Мумија
91%
Статуа са телом лава и људском главом Сфинга
88%
Последња фараонка Клеопатра VII
80%
„Велики” фараон који је владао 66 година Рамзес II
72%
Пророк који је избавио Израелите из египатског ропства Мојсије
69%
Фараон који је наручио изградњу Велике пирамиде у Гизи Кеопс
57%
Место сахрањивања главних краљевских личности Новог царства Долина {краљева}
54%
Престоница који дели име са градом у Тенесију Мемфис
51%
Бог подземног света Озирис
38%
Супруга фараона Ехнатона Нефертити
38%
Камен који је дао кључ за дешифровање тих симбола Камен из {Розете}
35%
Врховна богиња Изида
31%
Древна престоница у Луксору Теба
23%
Први историјски архитекта и доктор Имхотеп
17%
Главни ривал старог Египта Нубија
14%
No matching quizzes found
Score Distribution
Percent of People with Each Score
Percentile by Number Answered
Your Score History
You have not taken this quiz